header

Challenges in acute geriatric care (Record no. 67777)

MARC details
000 -LEADER
fixed length control field 01360nam a2200349Ia 4500
082 04 - DEWEY DECIMAL CLASSIFICATION NUMBER
Classification number 618.97
245 00 - TITLE STATEMENT
Title Challenges in acute geriatric care
260 ## - PUBLICATION, DISTRIBUTION, ETC. (IMPRINT)
Place of publication Hauppauge, NY :
Name of publisher Nova Science Publishers,
Year of publication c2009.
300 ## - PHYSICAL DESCRIPTION
Number of Pages 189 p. :
Other physical details ill.
490 1# - SERIES STATEMENT
Series statement Geriatrics, gerontology and elderly issues series
650 #0 - SUBJECT ADDED ENTRY--TOPICAL TERM
Topical Term Geriatrics.
Topical Term Geriatrics
700 1# - ADDED ENTRY--PERSONAL NAME
Personal name Naschitz, Jochanan E.
856 40 - ELECTRONIC LOCATION AND ACCESS
Uniform Resource Identifier http://site.ebrary.com/lib/rucke/Doc?id=10660439

No items available.

© 2026 Rongo University
Contact us: librarian | system librarian | Rongo university